Příběh moderního práva

Salvato in:
Dettagli Bibliografici
Autore principale: Maršálek, Pavel
Natura: Libro
Lingua:ceco
Pubblicazione: Praha Auditorium 2018
Soggetti:
Tags: Aggiungi Tag
Nessun Tag, puoi essere il primo ad aggiungerne!!

MARC

LEADER 00000nam a2200000 4500
001 0258251
005 20240312131200.7
020 |a 978-80-87284-66-7 
041 0 |a cze 
044 |a CZ 
245 1 0 |a Příběh moderního práva  |c Pavel Maršálek 
264 1 |a Praha  |b Auditorium  |c 2018 
300 |a 304 s. 
610 2 0 |a právo 
610 2 0 |a vývoj 
610 2 0 |a história 
610 2 0 |a spoločnosť 
610 2 0 |a regulácia 
610 2 0 |a deregulácia 
610 2 0 |a kultúra 
610 2 0 |a multikulturalizmus 
610 2 0 |a mechanizácia 
610 2 0 |a práva ľudské 
610 2 0 |a spravodlivosť 
610 2 0 |a istoty právne 
610 2 0 |a legalizácia 
100 1 |a Maršálek, Pavel